Adobe Acrobat 5.0 : (Record no. 89730)

MARC details
000 -CABECERA
campo de control de longitud fija 00740nam a2200193 a 4500
005 - FECHA Y HORA DE LA ÚLTIMA TRANSACCIÓN
campo de control 20210223124614.0
008 - ELEMENTOS DE LONGITUD FIJA--INFORMACIÓN GENERAL
campo de control de longitud fija 020506s2002 mx r 000 0 spa d
020 ## - NÚMERO INTERNACIONAL NORMALIZADO PARA LIBROS
Número Internacional Estándar del Libro 9702603420
035 ## - NÚMERO DE CONTROL DEL SISTEMA
Número de control de sistema UPN01000117169
049 ## - COLECCIÓN
Colección CG
050 #4 - SIGNATURA TOPOGRÁFICA DE LA BIBLIOTECA DEL CONGRESO
Número de clasificación QA76.76 T4.9
Número de documento/Ítem A2.6
245 00 - MENCIÓN DE TÍTULO
Título Adobe Acrobat 5.0 :
Resto del título curso completo en un libro /
Mención de responsabilidad, etc. tr. Rebeca Alicia Sánchez López.
260 ## - PUBLICACIÓN, DISTRIBUCIÓN, ETC.
Lugar de publicación, distribución, etc. México :
Nombre del editor, distribuidor, etc. Pearson Educación,
Fecha de publicación, distribución, etc. c2002.
300 ## - DESCRIPCIÓN FÍSICA
Extensión vii, 400 p. :
Otras características físicas il. +
Material acompañante/anejo 1 CD-ROM : son., col. ; 4 3/4 plg.
500 ## - NOTA GENERAL
Nota general "Categoría: aplicaciones de computadora/autoedición. Nivel de usuario: intermedio"
534 ## - NOTA SOBRE LA VERSIÓN ORIGINAL
Frase introductoria Título original:
Mención de título del original Adobe Acrobat 5.0 : Classroom in a book
650 #4 - ASIENTO SECUNDARIO DE MATERIA - TERMINO TEMATICO
Término de materia o nombre geográfico como elemento de entrada XML (LENGUAJE DE MARCADO DE HIPERTEXTO)
9 (RLIN) 14643
905 ## - TIPO DE MATERIAL
Tipo de material Libro
Holdings
Estado de retiro Estado de pérdida Fuente del sistema de clasificación o colocación Estado dañado No para préstamo Código de colección Localización permanente Ubicación/localización actual Ubicación en estantería Total de préstamos Clasificación Código de barras Fecha visto por última vez Número de copia Tipo de ítem Koha
    Library of Congress Classification     Colección General Bib. Gregorio Torres Quintero Bib. Gregorio Torres Quintero Planta baja   QA76.76 T4.9 A2.6 196123 31/12/2020 1 Libro